Cumhuriyet Halk Fırkası genel katibliginin fırka teşkilatına umumi tebligatı (Record no. 1364)

MARC details
000 -BAŞLIK
Sabit Uzunlukta Kontrol Alanı 00790na a2200241 4500
001 - KONTROL NUMARASI
Denetim Alanı 17072
003 - KONTROL NUMARASI IDENTIFIER
Denetim Alanı MIRAKIL
005 - SON İŞLEM TARİHİ VE ZAMANI
Denetim Alanı 20181213154821.0
008 - SABİT-BOY VERİ ELEMANLARI - GENEL BİLGİLER
Sabit Uzunlukta Kontrol Alanı 161108b tu 000 0
035 ## - SİSTEM KONTROL NUMARASI
Sistem Kontrol Numarası 17072
040 ## - KATALOGLAMA KAYNAK
Orijinal Kataloglama Ajansı Milas
Kataloglama Dili tur
Metne Dönüştürmek Ajansı TR-AnCHP
041 ## - DİL KODU
Metin / Ses Parça Veya Ayrı Başlığın Dil Kodu tur
082 ## - DEWEY ONLU SINIFLANDIRMA NUMARASI
Sınıflandırma Numarası CHP 324.2172068
Ürün Numarası C36c 1935
090 ## - SINIFLAMA NUMARASI
Sınıflama Numarası CHP 324.2172068 C36c 1935
110 ## - ANA GİRİŞ - KURUMSAL ADI
Giriş Elemanı Olarak Kurumsal Ad Veya Yargı Alanı Adı Cumhuriyet Halk Fırkası
245 ## - BAŞLIK TABLOSU
Başlık Cumhuriyet Halk Fırkası genel katibliginin fırka teşkilatına umumi tebligatı
Başlığın Kalan Temmuz 1934'den birincikanun 1934 sonuna kadar
Sorumluluk Tablosu, Vb Cumhuriyet Halk Partisi
260 ## - YAYIN, DAĞITIM, VB
Yayın, Dağıtım, Vb Yeri Ankara
Yayıncı, Dağıtıcı, Vs Adı CHP
Yayın, Dağıtım, Vb Tarihi 1935
Üretici Firma Ulus Matbaası
300 ## - FİZİKSEL TANIM
Kapsam 148 s.
Boyutlar 24 sm.
610 ## - KONU KATMA GİRİŞ - TOPLANTI ADI
Giriş Elemanı Olarak Kurumsal Ad Veya Yargı Alanı Adı CHP Genel Merkezi
Genel Alt Bölüm Altbirimler
Kronolojik Alt Bölüm Bildirimler
710 ## - KATMA GİRİŞ - KURUMSAL ADI
Giriş Elemanı Olarak Kurumsal Ad Veya Yargı Alanı Adı Cumhuriyet Halk Partisi
830 ## - SERİSİ EKLENDİ GİRİŞ - ÜNİFORM ADI
Üniforma Başlık CHP Yayınları
942 ## - EKLENDİ GİRİŞ ELEMANLARI (KOHA)
Sınıflandırma Veya Raf Düzeni Kaynak
Koha Öğesi Türü Books
999 ## - SİSTEM KONTROL NUMARALARI (KOHA)
Koha Biblionumber 1364
Koha Biblioitemnumber 1364
Holdings
Kalıcı Konum Mevcut Konum Edinme Tarihi Edinim Kaynak Seri Numaralandırma / Kronolojik Toplam Check-Out'Lar Tam Çağrı Numarası Barkod Tarih Son Görülme İtibaren Geçerli Fiyatlar Koha Öğesi Türü Kopya Sayısı
CHP Kütüphanesi CHP Kütüphanesi 10/21/2016 Bağış c.18   CHP 324.2172068 C36c 1935 006998 10/21/2016 10/21/2016 Books  
CHP Kütüphanesi CHP Kütüphanesi 10/21/2016 Bağış c.5   CHP 324.2172068 C36c 1935 006999 10/21/2016 10/21/2016 Books k.2
CHP Kütüphanesi CHP Kütüphanesi 10/21/2016 Bağış c.5   CHP 324.2172068 C36c 1935 007005 10/21/2016 10/21/2016 Books k.3